Tuyển tập Xuân Thủy

Uloženo v:
Podrobná bibliografie
Hlavní autor: Xuân Thủy
Médium: Kniha
Jazyk:Undetermined
Vydáno: Hà Nội Văn Học 1999
Témata:
Tagy: Přidat tag
Žádné tagy, Buďte první, kdo otaguje tento záznam!
Thư viện lưu trữ: Trung tâm Học liệu Trường Đại học Cần Thơ
LEADER 00469nam a2200169Ia 4500
001 CTU_36554
008 210402s9999 xx 000 0 und d
082 |a 895.9223 
082 |b X502 
100 |a Xuân Thủy 
245 0 |a Tuyển tập Xuân Thủy 
245 0 |c Xuân Thủy 
260 |a Hà Nội 
260 |b Văn Học 
260 |c 1999 
650 |a vietnamese literature - 20th century 
980 |a Trung tâm Học liệu Trường Đại học Cần Thơ